000 00405nam a2200133Ia 4500
008 100328s9999 xx 000 0 und d
082 _b69835
100 _aरायकर प्रतिभा
245 _aक्षण प्रेमाचा.
260 _bसायली.
630 _aक्षण प्रेमाचा.
730 _aक्षण प्रेमाचा.
942 _cBOOK
999 _c555565
_d555562